000 01948nam a2200241 a 4500
003 AM-YEHGA
005 20260413134005.0
008 260209s1922 tu a||||r|||| 00||0 arm d
040 _aAM-YEHGA
041 0 _aarm
100 1 _aԱսատուր, Հրանտ,
_d1862-1928
_92174
245 1 0 _aԳործնական քերականութիւն արդի աշխարհաբարի :
_bՊատկերազարդ /
_cՀ. և Զ. Ասատուր.
250 _aԶ տպագրութիւն (հիմնովին բարեփոխուած)
260 _aԿ. Պոլիս :
_bԳրատուն Ա. Եազըճեան,
_c1922.
300 _a(6 գիրք մեկ կազմի մեջ ) ; գիրք ;
_c18 սմ.
500 _aԱլիգ 3
501 _aՄեկ կազմի մեջ՝ Տարերք բնագիտութեան / Ալիքսան Պէզճեան։ Կ. Պոլիս: Տպագրութիւն Օ. Արզուման։ 1912։ - Ալիգ 1 ; Գործնական քերականութիւն արդի աշխարհաբարի : Պատկերազարդ / Հ. և Զ․ Ասատուր։ Իսթանպուլ: Գրատուն Տիկ․ Ն․ - Ա. Եազըճեան։ 1939։ - Ալիգ 2 ; Համառօտ պատմութիւն ընդհանուր ազգաց : Բարձրագոյն դասընթացք (Ա. տարի) / Մ.Գ. Ծալեան: Կ. Պոլիս: տպ. Յ. Մատթէոսեան: 1905: - Ալիգ 4 ; Համառօտ պատմութիւն ընդհանուր ազգաց : Հին Յունաստան եւ միջին դար (Մաս Բ, Դ) / Մ.Գ. Ծալեան։ Կ. Պոլիս: տպ. Յ. Մատթէոսեան։ 1907․
505 1 0 _gԳիրք Բ (1922, 222, 1 չհամարակալած էջ : նկար, զարդանախշ)
650 1 4 _aՀայոց լեզու
_xՔերականություն
_94
700 0 _aՍիպիլ,
_d1863-1934
_4aut
_qԱսատուր, Զապէլ Հ.
856 4 1 _uhttps://haygirk.nla.am/upload/1512-1940/1901-1940/gorcnakan_gerakanutyunB_1922.pdf
_yԿարդալ առցանց
942 _2udc
_cBK
_n0
999 _c540605
_d540605